[Event "Manizales Feria op 29th"]
[Site "Manizales"]
[Date "2024.01.06"]
[Round "2"]
[White "Salazar, Andres Felipe"]
[Black "Avella Munoz, Andrea"]
[Result "1-0"]
[WhiteElo "1881"]
[BlackElo "1472"]
[PlyCount "71"]
[EventDate "2024.01.05"]
[EventType "swiss"]
[EventRounds "7"]
[EventCountry "COL"]
[SourceTitle "CB02_2024"]
[SourceDate "2024.01.10"]
[SourceVersion "1"]
[SourceVersionDate "2024.01.10"]
[SourceQuality "1"]

1. Nf3 Nf6 2. b3 Nc6 3. Bb2 d5 4. e3 Bg4 5. h3 Bh5 6. g4 Bg6 7. Bb5 Be4 8. Rg1 Bxf3 9. Qxf3 Qd7 10. g5 Ne4 11. d3 Nc5 12. Nc3 e6 13. d4 Na6 14. a3 0-0-0 15. 0-0-0 Nab8 16. Kb1 a6 17. Bd3 Bd6 18. Nxd5 Bh2 19. Rg2 Qxd5 20. Be4 Qd6 21. Rh1 f5 22. Bxc6 Nxc6 23. Rgxh2 Rhf8 24. Qh5 Rh8 25. f4 Qd5 26. Qe2 h6 27. h4 Qe4 28. d5 Rxd5 29. Bxg7 Rhd8 30. gxh6 Rd2 31. Qc4 Rd1+ 32. Rxd1 Rxd1+ 33. Ka2 Qxe3 34. Qe2 Qc1 35. Qxd1 Qxd1 36. h7 1-0

[Event "Manizales Feria op 29th"]
[Site "Manizales"]
[Date "2024.01.06"]
[Round "3"]
[White "Triana Castro, Francisco Javier"]
[Black "Salazar, Andres Felipe"]
[Result "1/2-1/2"]
[WhiteElo "1593"]
[BlackElo "1881"]
[PlyCount "35"]
[EventDate "2024.01.05"]
[EventType "swiss"]
[EventRounds "7"]
[EventCountry "COL"]
[SourceTitle "CB02_2024"]
[SourceDate "2024.01.10"]
[SourceVersion "1"]
[SourceVersionDate "2024.01.10"]
[SourceQuality "1"]

1. d4 f5 2. e4 fxe4 3. Nc3 e6 4. Nxe4 Nf6 5. Bg5 Be7 6. Bxf6 Bxf6 7. Nf3 b6 8. Bd3 Nc6 9. c3 Bb7 10. Qe2 Qe7 11. h4 0-0-0 12. 0-0-0 d5 13. Neg5 e5 14. dxe5 Nxe5 15. Nxe5 Bxe5 16. Qg4+ Kb8 17. Rhe1 Qf6 18. g3 1/2-1/2

[Event "Iberoamerican-ch 9th"]
[Site "Panama City"]
[Date "2023.11.28"]
[Round "5"]
[White "Obregon Garcia, Roxangel"]
[Black "Salazar, Andres Felipe"]
[Result "1-0"]
[WhiteElo "2138"]
[BlackElo "1868"]
[PlyCount "91"]
[EventDate "2023.11.25"]
[EventType "swiss"]
[EventRounds "9"]
[EventCountry "PAN"]
[SourceTitle "CB49_2023"]
[SourceDate "2023.12.06"]
[SourceVersion "1"]
[SourceVersionDate "2023.12.06"]
[SourceQuality "1"]

1. e4 e6 2. d4 d5 3. Nc3 Bb4 4. exd5 Nf6 5. Bb5+ c6 6. dxc6 0-0 7. cxb7 Bxb7 8. Nf3 Qa5 9. a4 Nd5 10. Bd2 Nxc3 11. bxc3 Bxc3 12. 0-0 Nc6 13. Bxc3 Qxc3 14. Rb1 Na5 15. Bd3 Bxf3 16. Qxf3 g6 17. Rb5 a6 18. Rc5 Qb4 19. h4 Rac8 20. Rg5 Nc6 21. Rg4 Qd6 22. Qf6 Qd8 23. Qxd8 Rcxd8 24. Bxa6 Nxd4 25. c3 Rd6 26. Bb5 Nb3 27. Rb1 Na5 28. Be2 Ra8 29. h5 Kg7 30. Rb5 Ra7 31. Rgg5 f5 32. Rc5 Rd2 33. Bb5 Rc2 34. Rg3 e5 35. Rxe5 Kf6 36. Rc5 Re7 37. Rf3 Re4 38. hxg6 hxg6 39. Re3 Rc1+ 40. Kh2 Rh4+ 41. Rh3 Re4 42. Bd3 Rxa4 43. Rh8 Raa1 44. Ra8 Rh1+ 45. Kg3 Nb3 46. Rc6+ 1-0

[Event "Sabaneta op-B 2nd"]
[Site "Sabaneta Antioquia"]
[Date "2023.06.30"]
[Round "4"]
[White "Salazar, Andres Felipe"]
[Black "Tobon, Sebastian"]
[Result "1/2-1/2"]
[WhiteElo "1902"]
[BlackElo "1785"]
[PlyCount "39"]
[EventDate "2023.06.28"]
[EventType "swiss"]
[EventRounds "9"]
[EventCountry "COL"]
[SourceTitle "EXT 2024"]
[Source "ChessBase"]
[SourceDate "2023.10.10"]
[SourceVersion "1"]
[SourceVersionDate "2023.10.10"]
[SourceQuality "1"]

1. Nf3 d5 2. d4 Nf6 3. g3 c6 4. Bg2 e6 5. 0-0 Be7 6. c4 0-0 7. Nc3 Nbd7 8. b3 b6 9. cxd5 cxd5 10. Qd3 Bb7 11. Nd2 Rc8 12. Bb2 h6 13. Rac1 Nb8 14. Rfd1 Ba6 15. Qf3 Nc6 16. Ncb1 Qd7 17. a3 Na5 18. Bf1 Rxc1 19. Rxc1 Rc8 20. Rxc8+ 1/2-1/2

[Event "Sabaneta op-B 2nd"]
[Site "Sabaneta Antioquia"]
[Date "2023.06.28"]
[Round "1"]
[White "Agudelo Salazar, Gabriel Jaime"]
[Black "Salazar, Andres Felipe"]
[Result "0-1"]
[WhiteElo "1600"]
[BlackElo "1902"]
[PlyCount "50"]
[EventDate "2023.06.28"]
[EventType "swiss"]
[EventRounds "9"]
[EventCountry "COL"]
[SourceTitle "EXT 2024"]
[Source "ChessBase"]
[SourceDate "2023.10.10"]
[SourceVersion "1"]
[SourceVersionDate "2023.10.10"]
[SourceQuality "1"]

1. e4 c6 2. d4 d5 3. exd5 cxd5 4. Bd3 Nc6 5. c3 Nf6 6. h3 g6 7. Qc2 Qc7 8. Nf3 Bg7 9. 0-0 0-0 10. Bg5 Be6 11. Nbd2 Rac8 12. Rac1 Nh5 13. Rfe1 Nf4 14. Bxf4 Qxf4 15. Qb1 Rc7 16. Re2 Bc8 17. Rce1 f6 18. g3 Qd6 19. h4 e5 20. dxe5 fxe5 21. Bb5 Bf5 22. Qd1 Bg4 23. Ne4 Qd8 24. Neg5 Bxf3 25. Nxf3 Rxf3 0-1

[Event "Manizales op 28th"]
[Site "Manizales"]
[Date "2023.01.07"]
[Round "4"]
[White "Bravo, Juan Eduardo"]
[Black "Salazar, Andres Felipe"]
[Result "0-1"]
[WhiteElo "1736"]
[BlackElo "1892"]
[PlyCount "96"]
[EventDate "2023.01.05"]
[EventType "swiss"]
[EventRounds "8"]
[EventCountry "COL"]
[SourceTitle "CBM 212 Extra"]
[Source "ChessBase"]
[SourceDate "2023.03.31"]
[SourceVersion "1"]
[SourceVersionDate "2023.03.31"]
[SourceQuality "1"]

1. e4 c6 2. Nf3 d5 3. Nc3 dxe4 4. Nxe4 Nf6 5. Nxf6+ exf6 6. d4 Bd6 7. Bc4 0-0 8. 0-0 Bg4 9. Qd3 Nd7 10. c3 Re8 11. b4 a6 12. Bd2 Bh5 13. Rfe1 Qc7 14. g3 Nb6 15. Bb3 Bg6 16. Qf1 Be4 17. Nh4 g5 18. Ng2 Bf8 19. f3 Bg6 20. Rxe8 Rxe8 21. Re1 Rxe1 22. Qxe1 Qd7 23. Qe2 Qf5 24. Ne1 Qb1 25. Kg2 Nd5 26. Qd1 Qb2 27. Bxd5 cxd5 28. a4 g4 29. f4 Be4+ 30. Kf1 f5 31. a5 h5 32. Qc1 Qa2 33. Qd1 Be7 34. Kg1 h4 35. Ng2 h3 36. Ne3 Bd8 37. Qe1 Kg7 38. Qd1 b6 39. axb6 Bxb6 40. Be1 a5 41. bxa5 Bxa5 42. Qd2 Qa1 43. Nd1 Kg6 44. Kf2 Bf3 45. Ne3 Be4 46. Nd1 Qa4 47. Qe2 Bf3 48. Qa6+ f6 0-1

[Event "Manizales op 28th"]
[Site "Manizales"]
[Date "2023.01.06"]
[Round "2"]
[White "Zuluaga Mancilla, Cesar"]
[Black "Salazar, Andres Felipe"]
[Result "1-0"]
[WhiteElo "2216"]
[BlackElo "1892"]
[PlyCount "65"]
[EventDate "2023.01.05"]
[EventType "swiss"]
[EventRounds "8"]
[EventCountry "COL"]
[SourceTitle "CBM 212 Extra"]
[Source "ChessBase"]
[SourceDate "2023.03.31"]
[SourceVersion "1"]
[SourceVersionDate "2023.03.31"]
[SourceQuality "1"]

1. d4 f5 2. Nf3 Nf6 3. c4 e6 4. g3 b6 5. Bg2 Bb7 6. 0-0 Be7 7. Nc3 Ne4 8. Bd2 0-0 9. Rc1 c5 10. d5 Nxc3 11. Bxc3 exd5 12. Ne5 Kh8 13. Bxd5 Nc6 14. Nf7+ Rxf7 15. Bxf7 f4 16. Bd5 Bg5 17. Ra1 Qe7 18. Qd3 Re8 19. Qf5 Rf8 20. Qe4 Qd6 21. Rad1 Qh6 22. Kg2 Qh5 23. Rd3 Bh6 24. Rf3 a6 25. e3 Re8 26. Qd3 Re6 27. exf4 b5 28. b3 Rd6 29. Rd1 Ne7 30. Bxb7 Rxd3 31. Rfxd3 d5 32. Bxd5 Bxf4 33. Bf3 1-0

[Event "COL-ch"]
[Site "Boyaca"]
[Date "2022.08.19"]
[Round "6"]
[White "Salazar, Andres Felipe"]
[Black "Gomez, Nicolas de Jesus"]
[Result "1-0"]
[WhiteElo "1911"]
[BlackElo "1678"]
[PlyCount "89"]
[EventDate "2022.08.17"]
[EventType "swiss"]
[EventRounds "9"]
[EventCountry "COL"]
[SourceTitle "CBM 210 Extra"]
[Source "ChessBase"]
[SourceDate "2022.11.30"]
[SourceVersion "1"]
[SourceVersionDate "2022.11.30"]
[SourceQuality "1"]

1. Nf3 d6 2. b3 e5 3. d3 f5 4. Nbd2 Nf6 5. Bb2 Nc6 6. e4 Be7 7. Be2 0-0 8. 0-0 Qe8 9. Re1 Bd8 10. Bf1 Qh5 11. h3 f4 12. d4 Re8 13. dxe5 dxe5 14. Nc4 Nd7 15. Nfxe5 Qxd1 16. Raxd1 Ndxe5 17. Nxe5 Bf6 18. Nxc6 Bxb2 19. Nb4 Ba3 20. Nd3 g5 21. Be2 Rxe4 22. Bf3 Rxe1+ 23. Rxe1 Kf8 24. b4 Bf5 25. Be4 Bxe4 26. Rxe4 Re8 27. Rc4 c6 28. Kf1 a5 29. c3 Rd8 30. Ke2 Rd5 31. h4 h6 32. hxg5 hxg5 33. g3 Ke7 34. gxf4 gxf4 35. Rxf4 Kd6 36. Rf6+ Ke7 37. Rh6 Kd8 38. Rh7 b6 39. Rh8+ Kc7 40. Rh7+ Kb8 41. f4 axb4 42. cxb4 c5 43. bxc5 bxc5 44. Ne5 Bb2 45. Nc6+ 1-0

[Event "COL-ch"]
[Site "Boyaca"]
[Date "2022.08.17"]
[Round "2"]
[White "Salazar, Andres Felipe"]
[Black "Herrera, Juan Sebastian"]
[Result "0-1"]
[WhiteElo "1911"]
[BlackElo "2273"]
[PlyCount "111"]
[EventDate "2022.08.17"]
[EventType "swiss"]
[EventRounds "9"]
[EventCountry "COL"]
[SourceTitle "CBM 210 Extra"]
[Source "ChessBase"]
[SourceDate "2022.11.30"]
[SourceVersion "1"]
[SourceVersionDate "2022.11.30"]
[SourceQuality "1"]

1. c4 g6 2. Nc3 Bg7 3. g3 e5 4. Bg2 d6 5. e3 f5 6. Nge2 Nf6 7. d3 c6 8. Rb1 a5 9. a3 0-0 10. 0-0 Be6 11. Qb3 Nbd7 12. Qc2 d5 13. cxd5 cxd5 14. d4 e4 15. Bd2 Nb6 16. Rfc1 Qd7 17. Qb3 Nc4 18. Be1 a4 19. Qb5 Qd6 20. Nf4 Bf7 21. Bf1 Nb6 22. Na2 Rfc8 23. Bb4 Qd8 24. Ba5 Rxc1 25. Rxc1 Ra6 26. Nb4 Be8 27. Qc5 Bf8 28. Qxf8+ Kxf8 29. Ne6+ Ke7 30. Nxd8 Rxa5 31. Nxb7 Ra7 32. Rc7+ Kf8 33. Nc6 Bxc6 34. Rxc6 Rxb7 35. Rxf6+ Ke7 36. Rc6 Nd7 37. Ra6 Rxb2 38. Rxa4 g5 39. Ra7 Kd6 40. a4 f4 41. gxf4 gxf4 42. exf4 Rb4 43. Bh3 Nf8 44. f5 Nd7 45. a5 Rxd4 46. Ra6+ Ke7 47. Re6+ Kf7 48. a6 Ra4 49. Rd6 Ne5 50. Kg2 d4 51. f6 e3 52. fxe3 dxe3 53. Bc8 e2 54. Kf2 Re4 55. Be6+ Kg6 56. Rd7 0-1

[Event "Manizales Departamental-ch 2nd"]
[Site "Manizales"]
[Date "2022.07.15"]
[Round "3"]
[White "Salazar, Andres Felipe"]
[Black "Avila Palacio, Edgar"]
[Result "1-0"]
[WhiteElo "1908"]
[BlackElo "1295"]
[PlyCount "51"]
[EventDate "2022.07.14"]
[EventType "swiss"]
[EventRounds "7"]
[EventCountry "COL"]
[SourceTitle "EXT 2024"]
[Source "ChessBase"]
[SourceDate "2023.10.10"]
[SourceVersion "1"]
[SourceVersionDate "2023.10.10"]
[SourceQuality "1"]

1. Nf3 Nf6 2. g3 d5 3. Bg2 c5 4. c4 d4 5. 0-0 Nc6 6. d3 e5 7. Na3 a6 8. Nc2 Be7 9. a3 a5 10. Bd2 0-0 11. Rb1 Qc7 12. b4 axb4 13. axb4 Re8 14. bxc5 Bxc5 15. Rb5 b6 16. Bg5 Qd6 17. Nd2 Bd7 18. Bxf6 Qxf6 19. f4 Rab8 20. Bd5 Rf8 21. Ne4 Qe7 22. f5 Na7 23. f6 Qd8 24. Qd2 Bf5 25. Rxf5 Nxb5 26. Qg5 1-0

[Event "Manizales op 27th"]
[Site "Manizales"]
[Date "2022.01.08"]
[Round "5"]
[White "Nieto Medina, Agustin"]
[Black "Salazar, Andres Felipe"]
[Result "1-0"]
[WhiteElo "2121"]
[BlackElo "1906"]
[PlyCount "64"]
[EventDate "2022.01.06"]
[EventType "swiss"]
[EventRounds "8"]
[EventCountry "COL"]
[SourceTitle "CBM 206 Extra"]
[Source "ChessBase"]
[SourceDate "2022.03.31"]
[SourceVersion "1"]
[SourceVersionDate "2022.03.31"]
[SourceQuality "1"]

1. e4 e6 2. d4 d5 3. Nd2 dxe4 4. Nxe4 Bd7 5. Nf3 Bc6 6. Bd3 Nd7 7. Qe2 Ngf6 8. Ng3 Bb4+ 9. c3 Bd6 10. 0-0 Bxf3 11. Qxf3 c6 12. Re1 0-0 13. Ne4 Nxe4 14. Rxe4 Re8 15. Qh3 Nf8 16. Bd2 Be7 17. Rae1 Bf6 18. f4 Qd7 19. f5 exf5 20. Rxe8 Rxe8 21. Rxe8 Qxe8 22. Qxf5 Qe7 23. Kf2 g6 24. Qf3 Bg5 25. Bxg5 Qxg5 26. Qe3 Qf6+ 27. Kg1 Kg7 28. Be4 Nd7 29. Qf2 Qe7 30. h3 f5 31. d5 cxd5 32. Bxd5 b6 1-0

[Event "COL Subzt 2.3.4"]
[Site "Risarald"]
[Date "2021.11.23"]
[Round "1"]
[White "Salazar, Andres Felipe"]
[Black "Jimenez Mendez, William"]
[Result "1-0"]
[WhiteElo "1967"]
[BlackElo "1548"]
[PlyCount "61"]
[EventDate "2021.11.23"]
[EventType "swiss"]
[EventRounds "9"]
[EventCountry "COL"]
[SourceTitle "CBM 205 Extra"]
[Source "ChessBase"]
[SourceDate "2022.01.31"]
[SourceVersion "1"]
[SourceVersionDate "2022.01.31"]
[SourceQuality "1"]

1. c4 e5 2. Nc3 Nc6 3. g3 f5 4. Bg2 Nf6 5. d3 Bc5 6. e3 d6 7. Nge2 0-0 8. 0-0 Qe8 9. d4 Bb6 10. Nd5 Nxd5 11. cxd5 Ne7 12. dxe5 dxe5 13. b3 Ng6 14. Ba3 Rf6 15. Nc3 Rb8 16. Na4 Bd7 17. Nxb6 axb6 18. Qc2 Rc8 19. Rac1 f4 20. exf4 exf4 21. Rfe1 Qf7 22. Bb2 fxg3 23. fxg3 Bf5 24. Qd2 Rd6 25. Qd4 Qd7 26. Rf1 Rf6 27. Rxf5 Rxf5 28. Bh3 Rcf8 29. Qe4 Qxd5 30. Qxd5+ Rxd5 31. Be6+ 1-0

[Event "COL-ch sf"]
[Site "Santa Rosa"]
[Date "2021.08.14"]
[Round "6"]
[White "Torres, Saulo de Jesus"]
[Black "Salazar, Andres Felipe"]
[Result "1/2-1/2"]
[WhiteElo "1773"]
[BlackElo "1989"]
[PlyCount "29"]
[EventDate "2021.08.11"]
[EventType "swiss"]
[EventRounds "11"]
[EventCountry "COL"]
[SourceTitle "CBM 204 Extra"]
[Source "ChessBase"]
[SourceDate "2021.11.30"]
[SourceVersion "1"]
[SourceVersionDate "2021.11.30"]
[SourceQuality "1"]

1. e4 c6 2. d4 d5 3. Nd2 dxe4 4. Nxe4 Nd7 5. Bd3 Ngf6 6. Ng5 e6 7. Ne2 Bd6 8. 0-0 h6 9. Nf3 g5 10. Re1 Qc7 11. Ng3 g4 12. Nh4 Kd8 13. c4 b6 14. Bd2 Bb7 15. b4 1/2-1/2

[Event "COL-ch sf"]
[Site "Santa Rosa"]
[Date "2021.08.13"]
[Round "4"]
[White "Mateus Urbano, Luis Alejandro"]
[Black "Salazar, Andres Felipe"]
[Result "1-0"]
[WhiteElo "2352"]
[BlackElo "1989"]
[PlyCount "36"]
[EventDate "2021.08.11"]
[EventType "swiss"]
[EventRounds "11"]
[EventCountry "COL"]
[SourceTitle "CBM 204 Extra"]
[Source "ChessBase"]
[SourceDate "2021.11.30"]
[SourceVersion "1"]
[SourceVersionDate "2021.11.30"]
[SourceQuality "1"]

1. e4 e5 2. Nf3 Nc6 3. Bb5 a6 4. Ba4 Nf6 5. d3 b5 6. Bb3 Bc5 7. 0-0 0-0 8. a4 Bb7 9. Nc3 b4 10. Nd5 h6 11. a5 Nd4 12. Nxd4 Nxd5 13. Nf5 Ne7 14. Be3 Bxe3 15. fxe3 Nxf5 16. Rxf5 Qe7 17. Qf3 Kh8 18. Bxf7 Qc5 1-0

[Event "COL-ch sf"]
[Site "Santa Rosa"]
[Date "2021.08.12"]
[Round "2"]
[White "Torres, Juan Camilo"]
[Black "Salazar, Andres Felipe"]
[Result "1-0"]
[WhiteElo "2294"]
[BlackElo "1989"]
[PlyCount "51"]
[EventDate "2021.08.11"]
[EventType "swiss"]
[EventRounds "11"]
[EventCountry "COL"]
[SourceTitle "CBM 204 Extra"]
[Source "ChessBase"]
[SourceDate "2021.11.30"]
[SourceVersion "1"]
[SourceVersionDate "2021.11.30"]
[SourceQuality "1"]

1. d4 Nf6 2. Nf3 e6 3. c4 d5 4. Nc3 dxc4 5. e3 a6 6. Bxc4 b5 7. Be2 Bb7 8. 0-0 Nbd7 9. b3 c5 10. Bb2 Be7 11. Rc1 0-0 12. a4 bxa4 13. Nxa4 Ne4 14. Ne5 Nxe5 15. dxe5 Nd2 16. Re1 Qd5 17. f3 Qxb3 18. Rc3 Qxd1 19. Rxd1 Rad8 20. Nxc5 Bxc5 21. Rxc5 Rd7 22. Kf2 Rfd8 23. Ke1 h6 24. Rc3 a5 25. Bc1 Bxf3 26. gxf3 1-0

[Event "COL-ch U2000"]
[Site "Villamaria"]
[Date "2019.11.04"]
[Round "6"]
[White "Salazar, Andres Felipe"]
[Black "Torres, Richard"]
[Result "1/2-1/2"]
[WhiteElo "1978"]
[BlackElo "1992"]
[PlyCount "93"]
[EventDate "2019.11.01"]
[EventType "swiss"]
[EventRounds "7"]
[EventCountry "COL"]
[SourceTitle "CBM 193 Extra"]
[Source "ChessBase"]
[SourceDate "2020.01.31"]
[SourceVersion "1"]
[SourceVersionDate "2020.01.31"]
[SourceQuality "1"]

1. Nf3 Nf6 2. b3 d5 3. Bb2 e6 4. c4 Be7 5. g3 b6 6. Bg2 Bb7 7. Ne5 Nbd7 8. cxd5 Nxe5 9. Bxe5 Bxd5 10. f3 0-0 11. 0-0 c5 12. Na3 Nd7 13. Bc3 Bf6 14. e4 Bc6 15. f4 e5 16. Nc4 Re8 17. f5 Bb5 18. Nd6 Bxf1 19. Nxe8 Bxg2 20. Nxf6+ Qxf6 21. Kxg2 Rd8 22. Qe2 Nb8 23. Kf1 Nc6 24. Qe3 Nd4 25. Bxd4 Rxd4 26. Ke2 Qc6 27. d3 f6 28. Rc1 a5 29. a4 b5 30. axb5 Qxb5 31. Rc3 Kf7 32. Kf3 Ke7 33. Qd2 Kd6 34. Qc2 Rb4 35. h3 g6 36. g4 g5 37. Kg3 a4 38. bxa4 Rxa4 39. Rxc5 Qxc5 40. Qxa4 Qg1+ 41. Kf3 Qf1+ 42. Ke3 Qxh3+ 43. Kd2 Qxg4 44. Qa6+ Kc5 45. Qa5+ Kc6 46. Qa6+ Kc5 47. Qa5+ 1/2-1/2

[Event "COL-chT"]
[Site "Ibague"]
[Date "2017.07.21"]
[Round "5.4"]
[White "Blandon, Luis Guillermo"]
[Black "Salazar, Andres Felipe"]
[Result "1-0"]
[WhiteElo "2244"]
[BlackElo "1977"]
[PlyCount "29"]
[EventDate "2017.07.19"]
[EventType "team-swiss"]
[EventRounds "6"]
[EventCountry "COL"]
[SourceTitle "CBM 179 Extra"]
[Source "ChessBase"]
[SourceDate "2017.08.23"]
[SourceVersion "1"]
[SourceVersionDate "2017.08.23"]
[SourceQuality "1"]
[WhiteTeam "Antioquia"]
[BlackTeam "Caldas"]
[WhiteTeamCountry "COL"]
[BlackTeamCountry "COL"]

1. e4 e5 2. Nf3 Nc6 3. d4 exd4 4. Nxd4 Bc5 5. Be3 Qf6 6. c3 Nge7 7. Bc4 d6 8. 0-0 a6 9. Nxc6 Nxc6 10. Bxc5 dxc5 11. f4 Be6 12. Qe2 Nd4 13. Qd3 0-0-0 14. cxd4 Rxd4 15. Bxe6+ 1-0